Avrupa Birliği hukukunda yetki sorunu : (Record no. 15202)

MARC details
000 -BAŞLIK
Sabit Uzunlukta Kontrol Alanı 01029nam a22002537a 4500
999 ## - SİSTEM KONTROL NUMARALARI (KOHA)
Koha Biblionumber 15202
Koha Biblioitemnumber 15202
003 - KONTROL NUMARASI IDENTIFIER
Denetim Alanı MIRAKIL
005 - SON İŞLEM TARİHİ VE ZAMANI
Denetim Alanı 20230403121711.0
008 - SABİT-BOY VERİ ELEMANLARI - GENEL BİLGİLER
Sabit Uzunlukta Kontrol Alanı 230403b tu ||||| |||| 00| 0 tur d
020 ## - ULUSLARARASI STANDART KİTAP NUMARASI
Uluslararası Standart Kitap Numarası 9789754649888
040 ## - KATALOGLAMA KAYNAK
Orijinal Kataloglama Ajansı TR-AnCHP
Metne Dönüştürmek Ajansı TR-AnCHP
041 ## - DİL KODU
Metin / Ses Parça Veya Ayrı Başlığın Dil Kodu Tur
082 ## - DEWEY ONLU SINIFLANDIRMA NUMARASI
Sınıflandırma Numarası 341.242
Ürün Numarası A49a 2015
100 ## - ANA GİRİŞ - KİŞİSEL İSİM
Kişisel Ad Alyanak, Servet
245 10 - BAŞLIK TABLOSU
Başlık Avrupa Birliği hukukunda yetki sorunu :
Başlığın Kalan (AB ve üye devletler arasındaki yetki dağılımı) /
Sorumluluk Tablosu, Vb Servet Alyanak
246 ## - UNVAN FORM VARYING
Başlık Doğru / Kısa Başlığı (AB ve üye devletler arasındaki yetki dağılımı)
260 ## - YAYIN, DAĞITIM, VB
Yayın, Dağıtım, Vb Yeri Ankara :
Yayıncı, Dağıtıcı, Vs Adı Yetkin Yayıncılık,
Yayın, Dağıtım, Vb Tarihi 2015.
300 ## - FİZİKSEL TANIM
Kapsam 202 s.:
Boyutlar 23 sm.
501 ## - NOT İLE
Not İle İçindekiler : AB'nin münhasır yetki alanları - AB ve üye devletlerin paylaşılan yetki alanları - AB'nin tamamlayıcı, koordine edici yetki alanı - Uluslararası anlaşma yapma yetkisi
504 ## - KAYNAKÇA VB NOT
Kaynakça Vb Notu Kaynakça vardır.
650 #0 - KONU KATMA GİRİŞ - TOPİKAL DÖNEM
9 (RLIN) 6822
Topikal Süreli Veya Coğrafi Ad Giriş Elemanı Avrupa Birliği Hukuku
650 #0 - KONU KATMA GİRİŞ - TOPİKAL DÖNEM
9 (RLIN) 485
Topikal Süreli Veya Coğrafi Ad Giriş Elemanı Hukuk
Genel Alt Bölümü Avrupa Birliği
740 ## - KATMA GİRİŞ - KONTROLSUZ İLGİLİ / ANALİTİK BAŞLIK
Kontrol Edilmeyen / İlgili Analitik Başlıktaki (AB ve üye devletler arasındaki yetki dağılımı)
942 ## - EKLENDİ GİRİŞ ELEMANLARI (KOHA)
Sınıflandırma Veya Raf Düzeni Kaynak Dewey Decimal Classification
Koha Öğesi Türü Books
Holdings
Kalıcı Konum Mevcut Konum Edinme Tarihi Toplam Check-Out'Lar Tam Çağrı Numarası Barkod Tarih Son Görülme İtibaren Geçerli Fiyatlar Koha Öğesi Türü
CHP Kütüphanesi CHP Kütüphanesi 04/03/2023   341.242 A49a 2015 020788 04/03/2023 04/03/2023 Books
Parti Okulu Kütüphanesi Parti Okulu Kütüphanesi 02/29/2024   341.242 A49a 2015 21343 02/29/2024 02/29/2024 Books